000
00323nam a2200133Ia 4500
005
20251222144858.0
008
251222s9999||||xx |||||||||||||| ||spa||
020
_a
88-7573-282-5
082
_a
458/M53
100
_a
Micheli, Paola
245
0
_a
Test D'Ingreso di Italiano per Stranieri
264
_b
Bonacci
942
_c
LIB
999
_c
21853
_d
21853